00345 a2200109 4500001001000000005001700010008004100027245006800068100002000136773006200156999001700218ART_4866720260410162033.0260409a 10aCine. Obreros, técnicos y administrativos. CCT 235/1975. CABA1 aGodoy, Laura M.0 tLiquidación de sueldosg- N° 155 (abr. 2019)wREV44399 c34152d34152